| 000 | 00582nam a2200181Ia 4500 | ||
|---|---|---|---|
| 008 | 090630s9999 xx 000 0 und d | ||
| 082 | _b22244 | ||
| 100 | _aतेंडूलकर विजय. | ||
| 245 |
_aरामप्रहर. _cतेंडूलकर विजय. |
||
| 260 |
_bऋतु - मुंबई. _c1994 |
||
| 300 | _a294 | ||
| 600 | _aतेंडूलकर विजय. | ||
| 630 | _aरामप्रहर. | ||
| 655 | _aइतर. | ||
| 700 | _aतेंडूलकर विजय. | ||
| 730 | _aरामप्रहर. | ||
| 942 | _cBOOK | ||
| 999 |
_c274100 _d274100 |
||